EFL League One Playoff Finalists - Statistics

General Stats
  • This quiz has been taken 19 times
  • The average score is 44 of 66
Answer Stats
Year Winner % Correct
2023/24 Bolton Wanderers
94%
2023/24 Oxford United
94%
2019/20 Oxford United
94%
2003/04 Bristol City
82%
2018/19 Charlton Athletic
82%
2024/25 Charlton Athletic
82%
2007/08 Leeds United
82%
1995/96 Notts County
82%
2004/05 Sheffield Wednesday
82%
2022/23 Sheffield Wednesday
82%
2005/06 Swansea City
82%
2005/06 Barnsley
76%
2015/16 Barnsley
76%
2022/23 Barnsley
76%
2006/07 Blackpool
76%
2020/21 Blackpool
76%
1996/97 Brentford
76%
2001/02 Brentford
76%
2012/13 Brentford
76%
2003/04 Brighton & Hove Albion
76%
2002/03 Cardiff City
76%
2011/12 Sheffield United
76%
2001/02 Stoke City
76%
2021/22 Sunderland
76%
2018/19 Sunderland
76%
2009/10 Swindon Town
76%
2014/15 Swindon Town
76%
2012/13 Yeovil Town
76%
2006/07 Yeovil Town
76%
1994/95 Huddersfield Town
71%
2011/12 Huddersfield Town
71%
2010/11 Huddersfield Town
71%
2010/11 Peterborough United
71%
2000/01 Reading
71%
1995/96 Bradford City
65%
2016/17 Bradford City
65%
2009/10 Millwall
65%
2016/17 Millwall
65%
2008/09 Millwall
65%
2015/16 Millwall
65%
2014/15 Preston North End
65%
2013/14 Rotherham United
65%
2017/18 Rotherham United
65%
1993/94 Burnley
59%
1999/2000 Gillingham
59%
1998/99 Gillingham
59%
1992/93 Port Vale
59%
2008/09 Scunthorpe United
59%
1993/94 Stockport County
59%
1999/2000 Wigan Athletic
59%
2019/20 Wycombe Wanderers
59%
2021/22 Wycombe Wanderers
59%
1994/95 Bristol Rovers
53%
2013/14 Leyton Orient
53%
2024/25 Leyton Orient
53%
2020/21 Lincoln City
53%
2002/03 QPR
53%
2000/01 Walsall
53%
2017/18 Shrewsbury Town
47%
1992/93 West Bromwich Albion
47%
1996/97 Crewe Alexandra
41%
2007/08 Doncaster Rovers
41%
2004/05 Hartlepool United
41%
1998/99 Manchester City
41%
1997/98 Northampton Town
35%
1997/98 Grimsby Town
24%
No matching quizzes found
Score Distribution
Percent of People with Each Score
Percentile by Number Answered
Your Score History
You have not taken this quiz